Missing Word: Boy Meets Girl... Quiz Stats

 Plays Quiz Updated Jul 25, 2014

Support Sporcle.
Go Orange.
Score 0/14 Timer 02:00
1 Play Today
Movie Answer % Correct
10 ______ I Hate About YouThings
98.8%
When ______ Met SallyHarry
97.9%
Father of the ______Bride
96.3%
Sweet Home ______Alabama
96.3%
Knocked ______Up
95%
You've Got ______Mail
93.6%
The ______ SingerWedding
92.7%
Movie Answer % Correct
There's Something About ______Mary
91.5%
_______ WomanPretty
90.8%
How to ______ a Guy in 10 DaysLose
89.1%
It ______ One NightHappened
86.7%
______ HarborPearl
83.8%
______ MillionaireSlumdog
77.4%
______ Sarah MarshallForgetting
76.5%

Today's Daily Dose

You're not logged in!

Compare scores with friends on all Sporcle quizzes.
OR
Log In

From the Vault

Element Typing Challenge

by 12bball

We hear the radioactive ones help you type faster.
Remove Ads.
Support Sporcle.
Get the best of Sporcle when you Go Orange. This ad-free experience offers more features, more stats, and more fun while also helping to support Sporcle. Thank you for becoming a member.

Show Comments

Extras

Top Quizzes Today


Score Distribution

Your Account Isn't Verified!

In order to create a playlist on Sporcle, you need to verify the email address you used during registration. Go to your Sporcle Settings to finish the process.

Report this User

Report this user for behavior that violates our Community Guidelines.

Details: